Les films (longs-métrages) dans lesquels a joué Julia Roberts - Statistiques

Statistiques générales
  • Ce quiz a été pris 13 fois
  • Le résultat moyen est 10 sur 51
Statistiques - réponses
Année de sortie Film % Correct
1990 Pretty Woman
100%
2001 Ocean's Eleven
67%
1999 Coup de foudre à Noting Hill
56%
1997 Le Mariage de mon meilleur ami
56%
2004 Ocean's Twelve
56%
1993 L'Affaire Pélican
44%
1998 Ma Meilleure ennemie
44%
2010 Mange,prie,aime
44%
2000 Erin Brockovich, seule contre tous
33%
1991 Hook ou la Revanche du Capitaine Crochet
33%
1988 Mystic Pizza
33%
2012 Blanche-Neige
22%
2004 Closer, entre adultes consentants
22%
1999 Just Married (ou presque)
22%
1991 Le Choix d'aimer
22%
2001 Le Mexicain
22%
2003 Le Sourire de Mona Lisa
22%
1990 L'Expérience interdite
22%
1995 Amour et Mensonges
11%
2011 Amour, Mariage et Petits Tracas
11%
2015 Aux yeux de tous
11%
2018 Ben is Back
11%
1997 Complots
11%
2002 Confessions d'un homme dangereux
11%
2001 Couple de stars
11%
2009 Duplicity
11%
2008 Fireflies in the Garden
11%
2002 Full Frontal
11%
2002 Grand Champion
11%
2011 Il n'est jamais trop tard
11%
2007 La Guerre selon Charlie Wilson
11%
2023 Le Monde après nous
11%
1994 Les Complices
11%
1991 Les Nuits avec mon ennemi
11%
1996 Mary Reilly
11%
1996 Michael Collins
11%
2016 Money Monster
11%
1989 Potins de femmes
11%
1994 Prêt-à-porter
11%
1992 The Player
11%
2022 Ticket to Paradise
11%
1996 Tout le monde dit I love you
11%
2013 Un été à Osage County
11%
2010 Valentine's Day
11%
2017 Wonder
11%
2025 Afther the Hunt
0%
1989 Blood Red
0%
1987 Firehouse
0%
2016 Joyeuse fête des mères
0%
1988 Satisfaction
0%
2015 The 1989 World tour Live
0%
Aucun quiz correspondant
Distribution des résultats
% des personnes avec chaque résultat
Percentile par nombre de réponses
Votre historique - résultats
Vous n’avez pas pris ce quiz